[Event "DEN-chT 0405"]
[Site "Denmark"]
[Date "2005.03.05"]
[Round "7.8"]
[White "Bekker Jensen, David"]
[Black "Lund, Jesper"]
[Result "1-0"]
[WhiteElo "2275"]
[BlackElo "2000"]
[PlyCount "53"]
[EventDate "2004.11.06"]
[EventType "team-tourn"]
[EventRounds "7"]
[EventCountry "DEN"]
[SourceTitle "EXT 2023"]
[Source "ChessBase"]
[SourceDate "2022.10.05"]
[SourceVersion "1"]
[SourceVersionDate "2022.10.05"]
[SourceQuality "1"]
[WhiteTeam "Helsinge"]
[BlackTeam "Skolerne"]
[WhiteTeamCountry "DEN"]
[BlackTeamCountry "DEN"]

1. d4 Nf6 2. c4 d6 3. Nf3 Nbd7 4. Nc3 e5 5. e4 Be7 6. Be2 0-0 7. 0-0 c6 8. Be3 Qc7 9. d5 Ne8 10. b4 Ndf6 11. Nd2 Bd7 12. Rc1 Qc8 13. c5 dxc5 14. bxc5 Ng4 15. Bxg4 Bxg4 16. Qb3 Kh8 17. Nc4 Bf6 18. Rb1 Rb8 19. Qa3 Nc7 20. Nd6 Qd7 21. Qxa7 cxd5 22. exd5 e4 23. Ncxe4 Nxd5 24. Nxf6 gxf6 25. Rxb7 Rxb7 26. Qxb7 Qe6 27. Bh6 1-0